Ước tính và dự báo nhiễm HIV/AIDS tại Việt Nam năm 2007 - 2012 = Viet Nam estimates and projections 2007 - 2012
Sách cung cấp các thông tin về quy trình, phương pháp thực hiện, cập nhật kết quả ước tính và dự báo HIV/AIDS tại Việt Nam đến nay 2012.
Đã lưu trong:
| 企業作者: | |
|---|---|
| 格式: | 圖書 |
| 語言: | Undetermined |
| 出版: |
Hà Nội
Bộ y tế cục phòng, chống HIV/AIDS
2009
|
| 主題: | |
| 標簽: |
添加標簽
沒有標簽, 成為第一個標記此記錄!
|
| Thư viện lưu trữ: | Trung tâm Học liệu Trường Đại học Cần Thơ |
|---|
| LEADER | 00977nam a2200217Ia 4500 | ||
|---|---|---|---|
| 001 | CTU_152633 | ||
| 008 | 210402s9999 xx 000 0 und d | ||
| 082 | |a 303.49 | ||
| 082 | |b B450 | ||
| 110 | |a Bộ y tế cục phòng, chống HIV/AIDS | ||
| 245 | 0 | |a Ước tính và dự báo nhiễm HIV/AIDS tại Việt Nam năm 2007 - 2012 = | |
| 245 | 0 | |b Viet Nam estimates and projections 2007 - 2012 | |
| 245 | 0 | |c Bộ y tế cục phòng, chống HIV/AIDS | |
| 260 | |a Hà Nội | ||
| 260 | |b Bộ y tế cục phòng, chống HIV/AIDS | ||
| 260 | |c 2009 | ||
| 520 | |a Sách cung cấp các thông tin về quy trình, phương pháp thực hiện, cập nhật kết quả ước tính và dự báo HIV/AIDS tại Việt Nam đến nay 2012. | ||
| 650 | |a Economic forecasting | ||
| 650 | |x Dự báo kinh tế | ||
| 904 | |i Dương | ||
| 980 | |a Trung tâm Học liệu Trường Đại học Cần Thơ | ||